000 01148cam a22002891 4500
001 6405
003 BD-RjUL
005 20211208234234.0
008 140111s1963 enk b 001 0 eng d
035 _a(BD-RjUL) 6445
035 _a(OCoLC)985765
040 _aDLC
_cOAU
_dOCoLC
_dUk
_dDLC
_d(BD-RjUL
_beng
041 _aeng
082 0 0 _a352.042
_bWED
100 1 _aWebb, Sidney,
_d1859-1947.
_97713
245 1 4 _aThe development of English local government, 1689-1835 /
_c[by] Sidney and Beatrice Webb. With an introd. by George Clark.
260 _aLondon :
_aNew York :
_bOxford University Press,
_c1963.
300 _axii, 194 p. ;
_c17 cm.
500 _a"Originally appeared as chapters V and VI of vol. IV of [the author's] English local government ... the volume being entitled Statutory authorities for special purposes."
504 _aBibliographical footnotes.
650 0 _aLocal government
_zGreat Britain.
_920171
700 1 _aWebb, Beatrice Potter,
_d1858-1943,
_ejoint author.
_97715
942 _2ddc
_cBK
999 _c6405
_d6405